LEADER 01110cam0-2200325---450- 001 990005480490403321 005 20101018131703.0 035 $a000548049 035 $aFED01000548049 035 $a(Aleph)000548049FED01 035 $a000548049 100 $a19990604d1927----km-y0itay50------ba 101 0 $aeng 102 $aUS 105 $af-------001yy 200 1 $aItalian Primitives at Yale University$ecomments et revisions$fby Richard Offner 210 $aNew Haven$cYale university press$d1927 215 $aXV, 48 p., 36 c. di tav.$d27 cm 225 1 $aPublications of the associates in fine arts at Yale 610 0 $aPrimitivi italiani$aNew Haven$aYale University$aCollezione Jarves$aCataloghi 610 0 $aPittura italiana$aSec. 13.-16.$aNew Haven$aMusei$aYale University Art Gallery$aCataloghi 676 $a759.05 700 1$aOffner,$bRichard$0212035 801 0$aIT$bUNINA$gRICA$2UNIMARC 901 $aBK 912 $a990005480490403321 952 $a759.05 OFF 1$bST.ARTE 10531$fFLFBC 959 $aFLFBC 996 $aItalian Primitives at Yale University$9587415 997 $aUNINA LEADER 02320nam 22005654a 450 001 9910451945603321 005 20200520144314.0 010 $a1-280-93474-3 010 $a9786610934744 010 $a0-309-10894-2 035 $a(CKB)1000000000475781 035 $a(EBL)3378265 035 $a(SSID)ssj0000131029 035 $a(PQKBManifestationID)12018056 035 $a(PQKBTitleCode)TC0000131029 035 $a(PQKBWorkID)10015578 035 $a(PQKB)10619492 035 $a(MiAaPQ)EBC3378265 035 $a(Au-PeEL)EBL3378265 035 $a(CaPaEBR)ebr10180652 035 $a(CaONFJC)MIL93474 035 $a(OCoLC)923277138 035 $a(EXLCZ)991000000000475781 100 $a20070831d2007 uy 0 101 0 $aeng 135 $aurcn||||||||| 181 $ctxt 182 $cc 183 $acr 200 10$aCorrosion education for the 21st century$b[electronic resource] $eproceedings of the Materials Forum 2007 /$fMichael H. Moloney, editor 210 $aWashington, DC $cNational Academies Press$dc2007 215 $a1 online resource (47 p.) 300 $a"Corrosion education workshop organizing panel, National Materials Advisory Board, Division on Engineering and Physical Sciences." 311 $a0-309-10893-4 320 $aIncludes bibliographical references. 327 $a""Front Matter""; ""Acknowledgment of Reviewers""; ""Preface""; ""Contents""; ""Session I: Motivation""; ""Session II: Current Practice The Teaching of Corrosion at Colleges and Universities""; ""Lunch Talk""; ""Session III: Implementation""; ""Appendixes""; ""Appendix A: Corrosion Education Workshop Statement of Task""; ""Appendix B: Agenda for the Materials Forum 2007""; ""Appendix C: Speaker and Panelist Biographies"" 606 $aCorrosion and anti-corrosives$xStudy and teaching$vCongresses 608 $aElectronic books. 615 0$aCorrosion and anti-corrosives$xStudy and teaching 676 $a620.1/1223 701 $aMoloney$b Michael H$0987368 712 02$aNational Research Council (U.S.).$bNational Materials Advisory Board. 712 12$aMaterials Forum 801 0$bMiAaPQ 801 1$bMiAaPQ 801 2$bMiAaPQ 906 $aBOOK 912 $a9910451945603321 996 $aCorrosion education for the 21st century$92256700 997 $aUNINA LEADER 02960nam 2200637Ia 450 001 9910450218203321 005 20200520144314.0 010 $a0-8147-6924-1 010 $a1-4175-6852-6 035 $a(CKB)1000000000031462 035 $a(EBL)865845 035 $a(OCoLC)779828274 035 $a(SSID)ssj0000264097 035 $a(PQKBManifestationID)11225494 035 $a(PQKBTitleCode)TC0000264097 035 $a(PQKBWorkID)10283648 035 $a(PQKB)11006070 035 $a(MiAaPQ)EBC865845 035 $a(OCoLC)57364930 035 $a(MdBmJHUP)muse10466 035 $a(Au-PeEL)EBL865845 035 $a(CaPaEBR)ebr10078436 035 $a(EXLCZ)991000000000031462 100 $a20030730d2004 uy 0 101 0 $aeng 135 $aur|n|---||||| 181 $ctxt 182 $cc 183 $acr 200 10$aUnderground codes$b[electronic resource] $erace, crime, and related fires /$fKatheryn Russell-Brown 210 $aNew York $cNew York University Press$dc2004 215 $a1 online resource (185 p.) 300 $aDescription based upon print version of record. 311 $a0-8147-7541-1 311 $a0-8147-7540-3 320 $aIncludes bibliographical references (p. 165-170) and index. 327 $a"Petit aparteid" in the justice system -- American Indians and crime : invisible minorities and the weight of justice -- Gangsta rap and crime : any relationship? -- Policing communities, policing race -- Black protectionism -- In the crosshairs : racial profiling and living while Black -- Black women and the justice system : raced and gendered into submission -- Race facts. 330 $aWinner of a 2005 Gustavus Myers Outstanding Book Award (Honorable Mention. Americans fear crime, are rattled by race and avoid honest discussions of both. Anxiety, denial, miscommunication, and ignorance abound. Imaginary connections between minorities and crime become real, self-fulfilling prophecies and authentic links to race, class, gender and crime go unexplored. Katheryn Russell-Brown, author of the highly acclaimed The Color of Crime , makes her way through this intellectual minefield, determined to shed light on the most persistent and perplexing domestic policy issues. The author tack 606 $aDiscrimination in criminal justice administration$zUnited States 606 $aDiscrimination in law enforcement$zUnited States 606 $aCrime and race$zUnited States 606 $aMinorities$zUnited States 608 $aElectronic books. 615 0$aDiscrimination in criminal justice administration 615 0$aDiscrimination in law enforcement 615 0$aCrime and race 615 0$aMinorities 676 $a364/.08/0973 700 $aRussell-Brown$b Katheryn$f1961-$01054782 801 0$bMiAaPQ 801 1$bMiAaPQ 801 2$bMiAaPQ 906 $aBOOK 912 $a9910450218203321 996 $aUnderground codes$92487688 997 $aUNINA LEADER 02727oam 2200577I 450 001 9910464586103321 005 20170821194928.0 010 $a1-138-46191-1 010 $a1-317-85511-6 010 $a1-315-83118-X 024 7 $a10.4324/9781315831183 035 $a(CKB)3710000000128279 035 $a(EBL)1702121 035 $a(MiAaPQ)EBC1702121 035 $a(OCoLC)882248231 035 $a(EXLCZ)993710000000128279 100 $a20180706d1996 uy 0 101 0 $aeng 135 $aur|n|---||||| 181 $2rdacontent 182 $2rdamedia 183 $2rdacarrier 200 02$aA feminist clinician's guide to the memory debate /$fSusan Contratto, M. Janice Gutfreund, editors 210 1$aNew York :$cRoutledge,$d1996. 215 $a1 online resource (149 p.) 300 $aIssued by Haworth Press as a special issue of Women & therapy, Volume 19, no. 1 1996 edited by Marcia Hill and Esther D. Rothblum. 311 $a1-306-85404-0 311 $a1-56023-085-1 320 $aIncludes bibliographical references at the end of each chapters. 327 $aCover; Half Title; Title Page; Copyright Page; Table of Contents; Introduction; Politics of Memory, Politics of Incest: Doing Therapy and Politics That Really Matter; Childhood Trauma: Politics and Legislative Concerns for Therapists; Mind Meets Body: On the Nature of Recovered Memories of Trauma; Recovered Memories of Child Abuse: Fact, Fantasy or Fancy?; Repressed Memories and Clinical Practice; The Feminist Therapy Institute Code of Ethics: Implications for Working with Survivors of Child Sexual Abuse 327 $aLegal and Psychological Approaches Towards Adult Survivors of Childhood Incest: Irreconcilable Differences?Litigation Pitfalls for the Psychotherapist Whose Client ""First Remembers"" Childhood Sexual Abuse During Therapy; Scientific Research, Recovered Memory, and Context: Seven Surprising Findings 330 $aFirst published in 1997. Routledge is an imprint of Taylor & Francis, an informa company. 606 $aAdult child sexual abuse victims$xRehabilitation 606 $aRecovered memory 606 $aFeminist therapy 606 $aFalse memory syndrome 608 $aElectronic books. 615 0$aAdult child sexual abuse victims$xRehabilitation. 615 0$aRecovered memory. 615 0$aFeminist therapy. 615 0$aFalse memory syndrome. 676 $a616.8582239 701 $aContratto$b Susan$0923384 701 $aGutfreund$b M. Janice$0923385 801 0$bMiAaPQ 801 1$bMiAaPQ 801 2$bMiAaPQ 906 $aBOOK 912 $a9910464586103321 996 $aA feminist clinician's guide to the memory debate$92072210 997 $aUNINA LEADER 01123cam0 22003253 450 001 SOB009080 005 20230925071918.0 010 $a881323516X 100 $a20040211d2001 |||||ita|0103 ba 101 $aita 102 $aIT 200 1 $aCommentario breve al Codice Civile. Complemento giurisprudenziale$fGiorgio Cian$gAlberto Trabucchi$gcon la collaborazione di Bruno Barel [et al.] 205 $a5.ed 210 $aPadova$cCEDAM$d2001 215 $a3094 p.$d23 cm 225 2 $aBreviaria iuris 410 1$1001LAEC00015486$12001 $a*Breviaria iuris 500 11$aCommentario [...]$3UF00000331$91407416 702 1$aCian, Giorgio$3AF00015905$4070 702 1$aTrabucchi, Alberto$3AF00005350$4070 702 1$aBarel, Bruno$3AF00019102$4070 801 0$aIT$bUNISOB$c20230925$gRICA 850 $aUNISOB 852 $aUNISOB$j340|Coll|9|K$m108574 912 $aSOB009080 940 $aM 102 Monografia moderna SBN 941 $aM 957 $a340|Coll|9|K$b000028$gCON$d108574$rACQUISTO$1Alfano$2UNISOB$3UNISOB$420230913092038.0$520230925071918.0$6Alfano 996 $aCommentario$91407416 997 $aUNISOB